000 00550cam a22001933a 4500
001 44835
003 PGUSA
005 20140828084026.0
008 140205s2014||||xxu|||||s|||||000 | eng d
040 _aPGUSA
_beng
042 _adc
245 1 0 _aDevotional Poetry for the Children :
_bSecond Part
_h[electronic resource] /
_cVarious
260 _bProject Gutenberg,
_c2014
506 _aPublic domain in the USA.
516 _aElectronic text
830 0 _aProject Gutenberg
_v44835
856 4 0 _uhttp://www.gutenberg.org/ebooks/44835
942 _cEB
999 _c274086
_d274086